Local effects of two large-scale industrial projects in the Kafue- Mazabuka area in Zambia : (Record no. 99856)
[ view plain ]
| 000 -LEADER | |
|---|---|
| fixed length control field | 00690cam5a220016900 4500 |
| 005 - DATE AND TIME OF LATEST TRANSACTION | |
| control field | 20190819095816.0 |
| 008 - FIXED-LENGTH DATA ELEMENTS--GENERAL INFORMATION | |
| fixed length control field | 031027 |
| 035 ## - SYSTEM CONTROL NUMBER | |
| System control number | (Sirsi) a146107 |
| 050 #0 - LIBRARY OF CONGRESS CALL NUMBER | |
| Classification number | HD2035.Z2 |
| Item number | DIE 1977 |
| 100 1# - MAIN ENTRY--PERSONAL NAME | |
| Personal name | Dietz,T. |
| Linkage | A116753.1 |
| 245 10 - TITLE STATEMENT | |
| Title | Local effects of two large-scale industrial projects in the Kafue- Mazabuka area in Zambia : |
| Remainder of title | kafue Estate and nakambala sugar Estate./ |
| Statement of responsibility, etc. | Final report by T.Diezt, A.Van Haastrecht and R.Scheffer. |
| 260 ## - PUBLICATION, DISTRIBUTION, ETC. | |
| Date of publication, distribution, etc. | 1977. |
| 350 ## - PRICE (NR) (BK AM CF MU VM SE) [OBSOLETE] | |
| Price | 25 |
| 650 #0 - SUBJECT ADDED ENTRY--TOPICAL TERM | |
| Topical term or geographic name entry element | Large- Scale industrial Projects -- Zambia |
| Geographic subdivision | Large- Scale industrial Projects -- Zambia |
| Linkage | S87702.1 |
| 700 00 - ADDED ENTRY--PERSONAL NAME | |
| Personal name | Haastrecht,A.Van. |
| Linkage | A116751.1 |
| 700 00 - ADDED ENTRY--PERSONAL NAME | |
| Personal name | Scheffer,R. |
| Linkage | A116752.1 |
No items available.